| 000 | 01050cam a2200277 a 4500 | ||
|---|---|---|---|
| 999 |
_c233035 _d233035 |
||
| 001 | 13803067 | ||
| 003 | Nust | ||
| 005 | 20170228103227.0 | ||
| 008 | 041201s2003 flua d 000 0 eng d | ||
| 010 | _a 2004559198 | ||
| 020 | _a1582795576 (deluxe) | ||
| 020 | _a1582795584 (standard) | ||
| 020 | _a1582795568 (guilded) | ||
| 035 | _a(OCoLC)ocm53438761 | ||
| 040 |
_aCTN _cASAB _dOCLCQ _dDLC |
||
| 042 | _alccopycat | ||
| 050 | 0 | 0 |
_aPE1628 _b.N42733 2003 |
| 082 | 0 | 0 |
_a423 _222 |
| 245 | 0 | 4 | _aThe new international Webster's comprehensive dictionary of the English language. |
| 246 | 3 | 0 | _aWebster's comprehensive dictionary of the English language |
| 250 | _aDeluxe encyclopedic ed., 2003 ed. | ||
| 260 |
_aNaples, Fla. : _bTrident Press International, _c2003. |
||
| 300 |
_axx, 1895, SD-50 p. : _bill. ; _c29 cm. |
||
| 650 | 0 |
_aEnglish language _vDictionaries. |
|
| 906 |
_a7 _bcbc _ccopycat _d2 _encip _f20 _gy-gencatlg |
||
| 942 |
_2ddc _cBK |
||